| 000 | 00581nam a2200193Ia 4500 | ||
|---|---|---|---|
| 003 | OSt | ||
| 005 | 20250203144229.0 | ||
| 008 | 210210b1972 xxu||||| |||| 00| 0 eng d | ||
| 040 | _cAL | ||
| 041 | _ahin | ||
| 082 | _aH891.9 KEND | ||
| 100 |
_a- _9197202 |
||
| 245 |
_aKendriy hindi nirdeshalay ki varshik report: _bकेंद्रीय हिंदी निर्देशलय की वार्षिक रिपोर्ट |
||
| 260 |
_aNayi Dilli _bVaisht Balak _c1972 |
||
| 300 | _a91 | ||
| 690 |
_aHindi Criticism _9197203 |
||
| 906 | _a029330 | ||
| 942 |
_2ddc _cBK |
||
| 999 |
_c80551 _d80551 |
||